Movies Quiz

Random Movies or Animal Quiz

24 Movie Posters with Animals II Quiz Stats

 Plays Quiz Updated Jul 13, 2017

Support Sporcle.
Go Orange.
Score 0/24 Timer 06:00
3 Plays Today
Hint Answer % Correct
Finding Nemo
93.4%
Rise of the Planet of the Apes
91.3%
Bambi
91%
King Kong
90.2%
The Lion King
89.5%
Puss in Boots
88.2%
Bolt
87.9%
One Hundred and One Dalmatians
83%
Rango
79%
Horton Hears a Who!
77.5%
Doctor Dolittle
75.4%
Over the Hedge
72.9%
Hint Answer % Correct
War Horse
69.7%
Rio
66%
Penguins of Madagascar
65%
Ice Age: Dawn of the Dinosaurs
64.7%
The Good Dinosaur
64.4%
The Golden Compass
61.3%
Kangaroo Jack
55.6%
Frankenweenie
55.2%
Home
45.2%
Mr. Peabody & Sherman
41.7%
Balto
38.1%
Evan Almighty
30.5%

You're not logged in!

Compare scores with friends on all Sporcle quizzes.
OR
Log In
Forgot?

From the Vault

Unexpected Translations: English-Spanish II

by nbsixer

Combine these definitions, and you'll get a charging venomous snake.
Remove Ads.
Support Sporcle.
Get the best of Sporcle when you Go Orange. This ad-free experience offers more features, more stats, and more fun while also helping to support Sporcle. Thank you for becoming a member.

Show Comments

Extras

Top Quizzes Today


Score Distribution

Your Account Isn't Verified!

In order to create a playlist on Sporcle, you need to verify the email address you used during registration. Go to your Sporcle Settings to finish the process.

Report this User

Report this user for behavior that violates our Community Guidelines.

Details: